Mild and General Protocol for Selective Deacetylation of Acetyl/Benzoyl-Protected Carbohydrates; Journal of Organic Chemistry; Vol. 89, iss.14

Bibliographic Details
Parent link:Journal of Organic Chemistry.— .— Washington: American Chemical Society
Vol. 89, iss.14.— 2025.— P. 10021-10026
Other Authors: Abramov A. A. Aleksandr Aleksandrovich, Zinin A. I. Aleksandr Ivanovich, Kolotyrkina N. G. Natalya, Kononov L. O., Shatskiy A. Andrey, Karkas M. D. Markus, Stepanova E. V. Elena Vladimirovna
Summary:Title screen
Herein, we report a mild and general protocol for chemoselective deacetylation of mixed acetyl- and benzoyl-protected carbohydrates under mild acidic conditions. The protocol allows quick access to partially protected carbohydrates, which serve as versatile synthetic intermediates during the total synthesis of various mono- and oligosaccharide targets. The applicability of the developed protocol was successfully demonstrated on a range of carbohydrate substrates of various configurations and substitution patterns featuring functionalized aliphatic and aromatic aglycones. The protocol has shown excellent compatibility with the widely used O-anomeric protecting groups, prespacer aglycones, and thioglycoside glycosyl donors
Текстовый файл
Language:English
Published: 2025
Subjects:
Online Access:https://doi.org/10.1021/acs.joc.4c00900
Format: Electronic Book Chapter
KOHA link:https://koha.lib.tpu.ru/cgi-bin/koha/opac-detail.pl?biblionumber=680034

MARC

LEADER 00000naa0a2200000 4500
001 680034
005 20250505110056.0
090 |a 680034 
100 |a 20250505d2025 k||y0rusy50 ba 
101 0 |a eng 
102 |a US 
135 |a drcn ---uucaa 
181 0 |a i   |b  e  
182 0 |a b 
183 0 |a cr  |2 RDAcarrier 
200 1 |a Mild and General Protocol for Selective Deacetylation of Acetyl/Benzoyl-Protected Carbohydrates  |f Alexander A. Abramov, Alexander I. Zinin, Natalya G. Kolotyrkina [et al.] 
203 |a Текст  |b визуальный  |c электронный 
283 |a online_resource  |2 RDAcarrier 
300 |a Title screen 
320 |a References: 16 tit 
330 |a Herein, we report a mild and general protocol for chemoselective deacetylation of mixed acetyl- and benzoyl-protected carbohydrates under mild acidic conditions. The protocol allows quick access to partially protected carbohydrates, which serve as versatile synthetic intermediates during the total synthesis of various mono- and oligosaccharide targets. The applicability of the developed protocol was successfully demonstrated on a range of carbohydrate substrates of various configurations and substitution patterns featuring functionalized aliphatic and aromatic aglycones. The protocol has shown excellent compatibility with the widely used O-anomeric protecting groups, prespacer aglycones, and thioglycoside glycosyl donors 
336 |a Текстовый файл 
461 1 |t Journal of Organic Chemistry  |c Washington  |n American Chemical Society 
463 1 |t Vol. 89, iss.14  |v P. 10021-10026  |d 2025 
610 1 |a электронный ресурс 
610 1 |a труды учёных ТПУ 
610 1 |a Carbohydrates 
610 1 |a Chemical reactions 
610 1 |a Free radicals 
610 1 |a Organic compounds 
610 1 |a Protective groups 
701 1 |a Abramov  |b A. A.  |g Aleksandr Aleksandrovich 
701 1 |a Zinin  |b A. I.  |g Aleksandr Ivanovich 
701 1 |a Kolotyrkina  |b N. G.  |g Natalya 
701 1 |a Kononov  |b L. O.  |c physicist 
701 1 |a Shatskiy  |b A.  |g Andrey 
701 1 |a Karkas  |b M. D.  |g Markus 
701 1 |a Stepanova  |b E. V.  |c chemist  |c Associate Professor of Tomsk Polytechnic University, Candidate of Chemical Sciences  |f 1988-  |g Elena Vladimirovna  |9 17776 
801 0 |a RU  |b 63413507  |c 20250505 
850 |a 63413507 
856 4 |u https://doi.org/10.1021/acs.joc.4c00900  |z https://doi.org/10.1021/acs.joc.4c00900 
942 |c CF